00353 2200145 4500001002100000005001700021020001800038035002500056082000800081100001600089245003600105250001000141260004500151990001100196INLIS00000000001241620150112162421.0 a979-605-711-5 a0010-011500000005189 a813 aEnid Blyton aLima sekawan ke bukit billycock aCet.I aJakartabPT Gramedia Pustaka Utamac2005 a19.552